| 000 | 00528nam a2200217 454500 | ||
|---|---|---|---|
| 001 | 047977 | ||
| 003 | BD-ChCU | ||
| 008 | Eng | ||
| 020 | _a0194313514 | ||
| 040 |
_aDLC _cDLC _dBD-ChCU |
||
| 082 | 0 | 0 | _aR425/E130 |
| 100 | 1 |
_aEastwood, John _bx |
|
| 245 | 1 | 0 |
_aOxford Guide to English Grammer _bx |
| 250 | _ax | ||
| 260 |
_aOxford _bOxford University Press _c1994 |
||
| 300 | _aix,446 | ||
| 504 | _aIncludes | ||
| 650 | 0 |
_aEnglish Language - Grammer _bEnglish Language - Grammer |
|
| 700 | 1 | _ax | |
| 942 |
_2ddc _cBK |
||
| 999 |
_c47977 _d47977 |
||